[Event "Bundesliga 0001"]
[Site "Deutschland"]
[Date "2001.04.01"]
[Round "13.2"]
[White "Cicak, Slavko"]
[Black "Rogozenko, Dorian"]
[Result "0-1"]
[WhiteElo "2543"]
[BlackElo "2531"]
[PlyCount "79"]
[EventDate "2000.10.14"]
[EventType "team"]
[EventRounds "15"]
[EventCountry "GER"]
[SourceTitle "Bundesliga 0001"]
[Source "DeepChess"]
[SourceDate "2005.01.01"]
[SourceVersion "1"]
[SourceVersionDate "2005.01.01"]
[SourceQuality "1"]
[WhiteTeam "TSV Schott Mainz"]
[BlackTeam "USC Magdeburg"]
[WhiteTeamCountry "GER"]
[BlackTeamCountry "GER"]

1. e4 c5 2. Nf3 Nc6 3. Bb5 g6 4. e5 Bg7 5. Bxc6 dxc6 6. h3 Be6 7. Nc3 Bd5 8.
Nxd5 cxd5 9. O-O e6 10. c3 Ne7 11. d4 cxd4 12. cxd4 O-O 13. Bg5 h6 14. Bxe7
Qxe7 15. Qa4 Rfc8 16. Rfc1 Rc7 17. Rc2 a6 18. Rac1 Rac8 19. Ne1 Bf8 20. Nd3 b5
21. Rxc7 Rxc7 22. Qa5 Rc4 23. Rxc4 dxc4 24. Nc5 Qg5 25. Qc3 Qf5 26. a3 a5 27.
a4 Qb1+ 28. Kh2 b4 29. Qxc4 Qxb2 30. Ne4 b3 31. Nf6+ Kg7 32. Ne8+ Kh8 33. Qc7
Qxf2 34. Nf6 Qf4+ 35. Kh1 b2 36. Qb8 b1=Q+ 37. Qxb1 Qxd4 38. Qb8 Qb4 39. Qc7
Qxa4 40. g3 0-1

[Event "Bundesliga 0001"]
[Site "Deutschland"]
[Date "2001.04.01"]
[Round "13.4"]
[White "Vogler, Tilmann"]
[Black "Thesing, Matthias"]
[Result "0-1"]
[WhiteElo "2373"]
[BlackElo "2438"]
[PlyCount "80"]
[EventDate "2000.10.14"]
[EventType "team"]
[EventRounds "15"]
[EventCountry "GER"]
[SourceTitle "Bundesliga 0001"]
[Source "DeepChess"]
[SourceDate "2005.01.01"]
[SourceVersion "1"]
[SourceVersionDate "2005.01.01"]
[SourceQuality "1"]
[WhiteTeam "TSV Schott Mainz"]
[BlackTeam "USC Magdeburg"]
[WhiteTeamCountry "GER"]
[BlackTeamCountry "GER"]

1. d4 d5 2. Nc3 e6 3. e4 Nc6 4. e5 f6 5. f4 fxe5 6. dxe5 Nh6 7. Nf3 Qd7 8. Ng5
Nf7 9. h4 h6 10. Nf3 b6 11. h5 Bb7 12. Nb5 O-O-O 13. c3 Kb8 14. Be3 Na5 15. Bf2
c5 16. Na3 Rg8 17. Qc2 g6 18. hxg6 Nh8 19. Nh4 c4 20. Be2 Bc6 21. b4 Ba4 22.
Qb2 Nc6 23. g3 Nxg6 24. Nxg6 Rxg6 25. Nc2 d4 26. Nxd4 Nxd4 27. cxd4 Qc6 28. Kd2
Qe4 29. Rhg1 c3+ 30. Qxc3 Rc8 31. Bf3 Qf5 32. Qxc8+ Kxc8 33. Rac1+ Kb8 34. a3
Rg7 35. Ke3 Bc2 36. Be2 Rc7 37. Kd2 Qe4 38. Rge1 a5 39. Bf1 Qf3 40. Be3 Qxg3
0-1

[Event "Bundesliga 0001"]
[Site "Deutschland"]
[Date "2001.04.01"]
[Round "13.5"]
[White "Georgiev, Vladimir"]
[Black "Wornath, Kai Rudolf"]
[Result "1-0"]
[WhiteElo "2564"]
[BlackElo "2398"]
[PlyCount "69"]
[EventDate "2000.10.14"]
[EventType "team"]
[EventRounds "15"]
[EventCountry "GER"]
[SourceTitle "Bundesliga 0001"]
[Source "DeepChess"]
[SourceDate "2005.01.01"]
[SourceVersion "1"]
[SourceVersionDate "2005.01.01"]
[SourceQuality "1"]
[WhiteTeam "USC Magdeburg"]
[BlackTeam "TSV Schott Mainz"]
[WhiteTeamCountry "GER"]
[BlackTeamCountry "GER"]

1. d4 Nf6 2. c4 c5 3. d5 b5 4. Nf3 g6 5. Qc2 Bg7 6. e4 d6 7. cxb5 O-O 8. Nc3 a6
9. a4 axb5 10. Bxb5 Ba6 11. Ra3 Ne8 12. O-O Nc7 13. Rb3 Nd7 14. Rd1 Rb8 15. Bg5
Bxb5 16. axb5 Ne5 17. Nxe5 Bxe5 18. Ra1 Rb7 19. b6 Na8 20. Ra7 Qd7 21. Rxb7
Qxb7 22. Na4 Rb8 23. Qc4 Bd4 24. h3 f6 25. Bd2 Kg7 26. Bc3 Bxc3 27. bxc3 Qc8
28. Qb5 Rb7 29. Qc6 Qb8 30. c4 Kf7 31. f4 h5 32. e5 h4 33. exd6 exd6 34. Re3 g5
35. f5 1-0

[Event "Bundesliga 0001"]
[Site "Deutschland"]
[Date "2001.04.01"]
[Round "13.6"]
[White "Bewersdorff, Oliver"]
[Black "Proehl, Holger"]
[Result "0-1"]
[WhiteElo "2364"]
[BlackElo "2386"]
[PlyCount "94"]
[EventDate "2000.10.14"]
[EventType "team"]
[EventRounds "15"]
[EventCountry "GER"]
[SourceTitle "Bundesliga 0001"]
[Source "DeepChess"]
[SourceDate "2005.01.01"]
[SourceVersion "1"]
[SourceVersionDate "2005.01.01"]
[SourceQuality "1"]
[WhiteTeam "TSV Schott Mainz"]
[BlackTeam "USC Magdeburg"]
[WhiteTeamCountry "GER"]
[BlackTeamCountry "GER"]

1. d4 d5 2. c4 c6 3. Nc3 Nf6 4. Nf3 e6 5. Bg5 Nbd7 6. Qc2 Be7 7. e3 O-O 8.
O-O-O Re8 9. Kb1 a6 10. h3 Qa5 11. Bf4 dxc4 12. Bxc4 b5 13. Be2 c5 14. Ne5 Bb7
15. Nxd7 Nxd7 16. d5 e5 17. Bg3 Bf8 18. Bf3 Nb6 19. d6 Bxf3 20. gxf3 Rad8 21.
Ne4 Nc4 22. Bh4 Rxd6 23. Nxd6 Nxd6 24. Rd5 c4 25. Rhd1 Qb6 26. Bg3 f6 27. Qd2
Re6 28. Qc2 Re8 29. f4 exf4 30. Bxf4 Ne4 31. R1d4 Nc5 32. Bd6 Nd3 33. Bxf8 Rxf8
34. Rd6 Qb7 35. e4 Qc8 36. b3 Qxh3 37. Qd2 Qf1+ 38. Kc2 Ne1+ 39. Kc3 Nf3 40.
Qd1 Qxf2 41. R4d5 Qxa2 42. bxc4 bxc4 43. Rb6 Qa3+ 44. Kc2 Qe3 45. Rxa6 Ne1+ 46.
Kb1 Rb8+ 47. Ka2 Nd3 0-1

[Event "Bundesliga 0001"]
[Site "Deutschland"]
[Date "2001.04.01"]
[Round "13.7"]
[White "Markgraf, Alexander"]
[Black "Grafl, Florian"]
[Result "1-0"]
[WhiteElo "2274"]
[BlackElo "2299"]
[PlyCount "79"]
[EventDate "2000.10.14"]
[EventType "team"]
[EventRounds "15"]
[EventCountry "GER"]
[SourceTitle "Bundesliga 0001"]
[Source "DeepChess"]
[SourceDate "2005.01.01"]
[SourceVersion "1"]
[SourceVersionDate "2005.01.01"]
[SourceQuality "1"]
[WhiteTeam "USC Magdeburg"]
[BlackTeam "TSV Schott Mainz"]
[WhiteTeamCountry "GER"]
[BlackTeamCountry "GER"]

1. e4 c5 2. Nf3 d6 3. d4 Nf6 4. Nc3 cxd4 5. Nxd4 a6 6. Be3 e5 7. Nf3 Be7 8. Bc4
O-O 9. O-O Be6 10. Bb3 h6 11. Qe2 Nbd7 12. Rfd1 Qc7 13. Nh4 Rac8 14. Nf5 Bxf5
15. exf5 b5 16. a3 Qb7 17. Rac1 Nc5 18. Bd5 Qd7 19. Qf3 a5 20. Ba2 b4 21. axb4
axb4 22. Nd5 Na4 23. Bb3 Nxd5 24. Rxd5 Nxb2 25. Bxh6 Bf6 26. Qg4 Rc5 27. Re1
Rxd5 28. Bxd5 Rc8 29. Re3 Rxc2 30. h3 Rc3 31. Qxb4 Rxe3 32. Bxe3 Nd3 33. Qb8+
Kh7 34. Qf8 Qe7 35. Qxe7 Bxe7 36. Be4 Nxf2 37. Kxf2 g6 38. fxg6+ fxg6 39. Kf3
Kg7 40. Bb7 1-0

[Event "Bundesliga 0001"]
[Site "Deutschland"]
[Date "2001.04.01"]
[Round "13.8"]
[White "Muranyi, Karl Jasmin"]
[Black "Studeny, Steffen"]
[Result "1/2-1/2"]
[WhiteElo "2297"]
[BlackElo "2271"]
[PlyCount "83"]
[EventDate "2000.10.14"]
[EventType "team"]
[EventRounds "15"]
[EventCountry "GER"]
[SourceTitle "Bundesliga 0001"]
[Source "DeepChess"]
[SourceDate "2005.01.01"]
[SourceVersion "1"]
[SourceVersionDate "2005.01.01"]
[SourceQuality "1"]
[WhiteTeam "TSV Schott Mainz"]
[BlackTeam "USC Magdeburg"]
[WhiteTeamCountry "GER"]
[BlackTeamCountry "GER"]

1. d4 f5 2. g4 fxg4 3. h3 g3 4. fxg3 d5 5. Nc3 Nf6 6. Bg2 c5 7. e4 dxe4 8. dxc5
Qxd1+ 9. Kxd1 Na6 10. c6 bxc6 11. Nxe4 Bd7 12. Bd2 g6 13. Nxf6+ exf6 14. Nf3
Bd6 15. g4 O-O 16. Nd4 Rac8 17. Re1 Nb4 18. a3 Nd5 19. Bxd5+ cxd5 20. Bb4 Bg3
21. Bxf8 Bxe1 22. Kxe1 Kxf8 23. Kd2 Ke7 24. Rf1 Rh8 25. Rg1 Kd6 26. c3 h5 27.
gxh5 g5 28. Rf1 Ke7 29. h4 gxh4 30. Ke3 Rxh5 31. Rh1 h3 32. Nf3 Kd6 33. Kf4 Bf5
34. Rh2 Be4 35. Nd4 Kc5 36. Kg4 Rg5+ 37. Kxh3 Rh5+ 38. Kg3 Rxh2 39. Kxh2 Kc4
40. Kg3 Kd3 41. Kf4 Bg6 42. Nc6 1/2-1/2

[Event "Bundesliga 0001"]
[Site "Deutschland"]
[Date "2001.04.28"]
[Round "14.2"]
[White "Ribli, Zoltan"]
[Black "Kengis, Edvins"]
[Result "1-0"]
[WhiteElo "2569"]
[BlackElo "2589"]
[PlyCount "66"]
[EventDate "2000.10.14"]
[EventType "team"]
[EventRounds "15"]
[EventCountry "GER"]
[SourceTitle "Bundesliga 0001"]
[Source "DeepChess"]
[SourceDate "2005.01.01"]
[SourceVersion "1"]
[SourceVersionDate "2005.01.01"]
[SourceQuality "1"]
[WhiteTeam "TV Tegernsee"]
[BlackTeam "Godesberger SK 1929"]
[WhiteTeamCountry "GER"]
[BlackTeamCountry "GER"]

1. d4 e6 2. Nf3 c5 3. c4 cxd4 4. Nxd4 a6 5. Nc3 Qc7 6. e4 b6 7. Bd3 Bb7 8. Be3
Nf6 9. O-O Be7 10. Rc1 d6 11. f4 Nbd7 12. f5 e5 13. Nd5 Qd8 14. Nf3 O-O 15. Kh1
Nc5 16. b4 Ncd7 17. Qb3 Re8 18. Rfd1 Qb8 19. a3 Bc6 20. Bb1 a5 21. Rd2 axb4 22.
axb4 Qb7 23. h3 b5 24. c5 dxc5 25. bxc5 Bd8 26. Ng5 Rf8 27. Nb4 Be7 28. Ba2
Rxa2 29. Rxa2 h6 30. Ne6 Qc8 31. Ra7 Bxe4 32. Nxf8 Bxf8 33. c6 Qd8 1-0

[Event "Bundesliga 0001"]
[Site "Deutschland"]
[Date "2001.04.28"]
[Round "14.3"]
[White "Kveinys, Aloyzas"]
[Black "Hertneck, Gerald"]
[Result "1-0"]
[WhiteElo "2522"]
[BlackElo "2541"]
[PlyCount "63"]
[EventDate "2000.10.14"]
[EventType "team"]
[EventRounds "15"]
[EventCountry "GER"]
[SourceTitle "Bundesliga 0001"]
[Source "DeepChess"]
[SourceDate "2005.01.01"]
[SourceVersion "1"]
[SourceVersionDate "2005.01.01"]
[SourceQuality "1"]
[WhiteTeam "Godesberger SK 1929"]
[BlackTeam "TV Tegernsee"]
[WhiteTeamCountry "GER"]
[BlackTeamCountry "GER"]

1. e4 g6 2. d4 d6 3. Bc4 Bg7 4. Nf3 Nf6 5. Qe2 Nc6 6. h3 e5 7. dxe5 Nxe5 8.
Nxe5 dxe5 9. O-O O-O 10. Nd2 Qe7 11. Nf3 b6 12. a4 Bb7 13. Bg5 a5 14. Rfd1 h6
15. Bxf6 Bxf6 16. Bd5 Bxd5 17. Rxd5 Rfd8 18. Rad1 Rxd5 19. Rxd5 c6 20. Rd3 Rd8
21. Rb3 Qc5 22. Rc3 Qd6 23. Qe3 Qd1+ 24. Kh2 c5 25. Qxh6 Qf1 26. Ng5 Bxg5 27.
Qxg5 Re8 28. Qd2 Kg7 29. b3 Re6 30. Rf3 Qa1 31. c3 Qb1 32. Qd7 1-0

[Event "Bundesliga 0001"]
[Site "Deutschland"]
[Date "2001.04.28"]
[Round "14.4"]
[White "Stangl, Markus"]
[Black "Langheinrich, Ferenc"]
[Result "1-0"]
[WhiteElo "2479"]
[BlackElo "2384"]
[PlyCount "81"]
[EventDate "2000.10.14"]
[EventType "team"]
[EventRounds "15"]
[EventCountry "GER"]
[SourceTitle "Bundesliga 0001"]
[Source "DeepChess"]
[SourceDate "2005.01.01"]
[SourceVersion "1"]
[SourceVersionDate "2005.01.01"]
[SourceQuality "1"]
[WhiteTeam "TV Tegernsee"]
[BlackTeam "Godesberger SK 1929"]
[WhiteTeamCountry "GER"]
[BlackTeamCountry "GER"]

1. Nf3 Nf6 2. g3 g6 3. Bg2 Bg7 4. O-O O-O 5. d4 d6 6. a4 a5 7. Nc3 Bg4 8. e4 e5
9. dxe5 Bxf3 10. Qxf3 dxe5 11. Bg5 c6 12. h4 h6 13. Be3 Qe7 14. Bh3 Na6 15.
Rfd1 Kh7 16. b3 Nc5 17. Rd2 Rfd8 18. Rad1 Rxd2 19. Rxd2 Re8 20. Kg2 Rf8 21. Rd1
b6 22. Rd2 Rb8 23. Qe2 Ncxe4 24. Nxe4 Nxe4 25. Rd7 Qe8 26. Qc4 f5 27. Qxc6 Nf6
28. Rc7 Qxc6+ 29. Rxc6 b5 30. Rc5 bxa4 31. bxa4 Rb2 32. Rxa5 Rxc2 33. Rb5 f4
34. Bb6 Ne4 35. gxf4 exf4 36. h5 Nxf2 37. hxg6+ Kh8 38. Bf5 Ra2 39. a5 Ng4+ 40.
Kf3 Ne3 41. Bxe3 1-0

[Event "Bundesliga 0001"]
[Site "Deutschland"]
[Date "2001.04.28"]
[Round "14.5"]
[White "Teske, Henrik"]
[Black "Jackelen, Thomas"]
[Result "1/2-1/2"]
[WhiteElo "2463"]
[BlackElo "2373"]
[PlyCount "22"]
[EventDate "2000.10.14"]
[EventType "team"]
[EventRounds "15"]
[EventCountry "GER"]
[SourceTitle "Bundesliga 0001"]
[Source "DeepChess"]
[SourceDate "2005.01.01"]
[SourceVersion "1"]
[SourceVersionDate "2005.01.01"]
[SourceQuality "1"]
[WhiteTeam "TV Tegernsee"]
[BlackTeam "Godesberger SK 1929"]
[WhiteTeamCountry "GER"]
[BlackTeamCountry "GER"]

1. Nf3 c5 2. c4 Nf6 3. Nc3 Nc6 4. d4 cxd4 5. Nxd4 g6 6. e4 Nxd4 7. Qxd4 d6 8.
Bg5 Bg7 9. Qd2 O-O 10. Bd3 Be6 11. Rc1 a6 1/2-1/2

[Event "Bundesliga 0001"]
[Site "Deutschland"]
[Date "2001.04.28"]
[Round "14.6"]
[White "Gross, David2"]
[Black "Seger, Ruediger"]
[Result "1/2-1/2"]
[WhiteElo "2484"]
[BlackElo "2399"]
[PlyCount "39"]
[EventDate "2000.10.14"]
[EventType "team"]
[EventRounds "15"]
[EventCountry "GER"]
[SourceTitle "Bundesliga 0001"]
[Source "DeepChess"]
[SourceDate "2005.01.01"]
[SourceVersion "1"]
[SourceVersionDate "2005.01.01"]
[SourceQuality "1"]
[WhiteTeam "TV Tegernsee"]
[BlackTeam "Godesberger SK 1929"]
[WhiteTeamCountry "GER"]
[BlackTeamCountry "GER"]

1. e4 c6 2. d4 d5 3. Nd2 dxe4 4. Nxe4 Bf5 5. Ng3 Bg6 6. h4 h6 7. Nf3 Nd7 8. h5
Bh7 9. Bd3 Bxd3 10. Qxd3 Qc7 11. Bd2 Ngf6 12. O-O-O O-O-O 13. Ne4 e6 14. g3
Nxe4 15. Qxe4 Bd6 16. c4 c5 17. d5 Rhe8 18. Bc3 exd5 19. Qxd5 Be5 20. Nxe5
1/2-1/2

[Event "Bundesliga 0001"]
[Site "Deutschland"]
[Date "2001.04.28"]
[Round "14.8"]
[White "Bromberger, Stefan"]
[Black "Breder, Dennis"]
[Result "1-0"]
[WhiteElo "2375"]
[BlackElo "2336"]
[PlyCount "111"]
[EventDate "2000.10.14"]
[EventType "team"]
[EventRounds "15"]
[EventCountry "GER"]
[SourceTitle "Bundesliga 0001"]
[Source "DeepChess"]
[SourceDate "2005.01.01"]
[SourceVersion "1"]
[SourceVersionDate "2005.01.01"]
[SourceQuality "1"]
[WhiteTeam "TV Tegernsee"]
[BlackTeam "Godesberger SK 1929"]
[WhiteTeamCountry "GER"]
[BlackTeamCountry "GER"]

1. e4 c5 2. Nf3 Nc6 3. d4 cxd4 4. Nxd4 Nf6 5. Nc3 d6 6. Bg5 e6 7. Qd2 Be7 8.
O-O-O O-O 9. f4 Nxd4 10. Qxd4 Qa5 11. Bc4 Bd7 12. e5 dxe5 13. fxe5 Bc6 14. Bd2
Nd7 15. Nd5 Qc5 16. Nxe7+ Qxe7 17. Rhe1 Rfd8 18. Qg4 Nf8 19. Bd3 Rxd3 20. cxd3
Qd7 21. Bb4 Ng6 22. Bd6 f5 23. Qg5 Bd5 24. b3 a5 25. Kd2 a4 26. b4 Bxa2 27. Rc1
Bd5 28. Rc7 Qe8 29. Rec1 a3 30. h4 Qd8 31. Qxd8+ Rxd8 32. h5 a2 33. hxg6 hxg6
34. Rc8 Rxc8 35. Rxc8+ Kh7 36. Ra8 f4 37. Be7 b5 38. Ra5 Kh6 39. Ke2 Bxg2 40.
Rxa2 g5 41. Ra6 Bd5 42. Rd6 Bb3 43. Rd7 Kh5 44. Bd8 g6 45. Rh7+ Kg4 46. Rg7 Kh5
47. Kd2 Bd5 48. Kc3 Kh6 49. Rg8 Kh5 50. Kd4 Bb3 51. Rh8+ Kg4 52. Rf8 Ba2 53.
Rf6 Kh5 54. Kc5 Bd5 55. Kxb5 f3 56. Bb6 1-0

[Event "Bundesliga 0001"]
[Site "Deutschland"]
[Date "2001.04.28"]
[Round "14.1"]
[White "Hracek, Zbynek"]
[Black "Ftacnik, Lubomir"]
[Result "1/2-1/2"]
[WhiteElo "2612"]
[BlackElo "2608"]
[PlyCount "30"]
[EventDate "2000.10.14"]
[EventType "team"]
[EventRounds "15"]
[EventCountry "GER"]
[SourceTitle "Bundesliga 0001"]
[Source "DeepChess"]
[SourceDate "2005.01.01"]
[SourceVersion "1"]
[SourceVersionDate "2005.01.01"]
[SourceQuality "1"]
[WhiteTeam "SAbt SV Werder Bremen"]
[BlackTeam "Hamburger SK 1830 e.V."]
[WhiteTeamCountry "GER"]
[BlackTeamCountry "GER"]

1. e4 c5 2. Nf3 d6 3. d4 cxd4 4. Nxd4 Nf6 5. Nc3 a6 6. Be3 e6 7. g4 h6 8. Bg2
Nc6 9. h3 g5 10. Qe2 Bd7 11. O-O-O Ne5 12. f4 gxf4 13. Bxf4 Rc8 14. Qe1 Qb6 15.
Nb3 Be7 1/2-1/2

[Event "Bundesliga 0001"]
[Site "Deutschland"]
[Date "2001.04.28"]
[Round "14.2"]
[White "Kempinski, Robert"]
[Black "Babula, Vlastimil"]
[Result "1-0"]
[WhiteElo "2498"]
[BlackElo "2582"]
[PlyCount "77"]
[EventDate "2000.10.14"]
[EventType "team"]
[EventRounds "15"]
[EventCountry "GER"]
[SourceTitle "Bundesliga 0001"]
[Source "DeepChess"]
[SourceDate "2005.01.01"]
[SourceVersion "1"]
[SourceVersionDate "2005.01.01"]
[SourceQuality "1"]
[WhiteTeam "Hamburger SK 1830 e.V."]
[BlackTeam "SAbt SV Werder Bremen"]
[WhiteTeamCountry "GER"]
[BlackTeamCountry "GER"]

1. d4 Nf6 2. c4 g6 3. Nc3 Bg7 4. Nf3 O-O 5. e4 d6 6. Be2 e5 7. d5 a5 8. h3 Na6
9. Bg5 Bd7 10. Nd2 c6 11. O-O cxd5 12. cxd5 Nc5 13. a4 h6 14. Be3 Rc8 15. Ra3
Ne8 16. Nc4 f5 17. exf5 gxf5 18. f4 e4 19. Bd4 Rf7 20. Nb5 Nxa4 21. Ncxd6 Nxb2
22. Qd2 Bxb5 23. Nxf7 Qxd5 24. Nxh6+ Bxh6 25. Rg3+ Kf7 26. Bxb5 Nd3 27. Bxe8+
Rxe8 28. Be3 Bg7 29. Qd1 Rh8 30. Rg5 Qe6 31. Qc2 Rc8 32. Qe2 Rh8 33. Rb1 Nb4
34. Qb5 Bf6 35. Qxb7+ Be7 36. Bc5 Nd5 37. Bxe7 Nxe7 38. Rb6 Qc8 39. Rg7+ 1-0

[Event "Bundesliga 0001"]
[Site "Deutschland"]
[Date "2001.04.28"]
[Round "14.3"]
[White "Schandorff, Lars"]
[Black "Hansen, Sune Berg"]
[Result "1/2-1/2"]
[WhiteElo "2520"]
[BlackElo "2545"]
[PlyCount "75"]
[EventDate "2000.10.14"]
[EventType "team"]
[EventRounds "15"]
[EventCountry "GER"]
[SourceTitle "Bundesliga 0001"]
[Source "DeepChess"]
[SourceDate "2005.01.01"]
[SourceVersion "1"]
[SourceVersionDate "2005.01.01"]
[SourceQuality "1"]
[WhiteTeam "SAbt SV Werder Bremen"]
[BlackTeam "Hamburger SK 1830 e.V."]
[WhiteTeamCountry "GER"]
[BlackTeamCountry "GER"]

1. d4 Nf6 2. c4 e6 3. g3 c5 4. Nf3 cxd4 5. Nxd4 Qc7 6. b3 Bb4+ 7. Bd2 Bc5 8.
Bc3 Ne4 9. Bg2 Nxc3 10. Nxc3 Nc6 11. e3 Bb4 12. Qc2 O-O 13. O-O Rb8 14. Rfd1
Nxd4 15. exd4 b5 16. c5 Bxc3 17. Qxc3 b4 18. Qe3 Bb7 19. d5 exd5 20. Bxd5 Rfe8
21. Qf3 Bxd5 22. Rxd5 Qc6 23. Rad1 Re7 24. Qf4 Rb7 25. h4 h6 26. h5 a5 27. Qf5
Rc7 28. Qd3 Rc8 29. Rd6 Qxc5 30. Rxd7 Re5 31. Rd5 Qe7 32. Qf3 Rc5 33. Rd8+ Kh7
34. R8d7 Qg5 35. Rxf7 Qxh5 36. Qd3+ Rf5 37. Rxf5 Qxf5 38. Qxf5+ 1/2-1/2

[Event "Bundesliga 0001"]
[Site "Deutschland"]
[Date "2001.04.28"]
[Round "14.5"]
[White "Knaak, Rainer"]
[Black "Mueller, Karsten"]
[Result "1/2-1/2"]
[WhiteElo "2513"]
[BlackElo "2513"]
[PlyCount "101"]
[EventDate "2000.10.14"]
[EventType "team"]
[EventRounds "15"]
[EventCountry "GER"]
[SourceTitle "Bundesliga 0001"]
[Source "DeepChess"]
[SourceDate "2005.01.01"]
[SourceVersion "1"]
[SourceVersionDate "2005.01.01"]
[SourceQuality "1"]
[WhiteTeam "SAbt SV Werder Bremen"]
[BlackTeam "Hamburger SK 1830 e.V."]
[WhiteTeamCountry "GER"]
[BlackTeamCountry "GER"]

1. d4 d5 2. c4 c6 3. Nf3 Nf6 4. Nc3 e6 5. Bg5 dxc4 6. e4 b5 7. e5 h6 8. Bh4 g5
9. Nxg5 hxg5 10. Bxg5 Nbd7 11. exf6 Bb7 12. g3 c5 13. d5 Nxf6 14. dxe6 Bg7 15.
Rg1 a6 16. Qe2 Rxh2 17. Rd1 Qb6 18. Rd7 Nxd7 19. exd7+ Kxd7 20. Qe7+ Kc6 21.
Qe4+ Kc7 22. Qf4+ Qd6 23. Qxf7+ Qd7 24. Bf4+ Kd8 25. Bg5+ Kc8 26. Qg6 Bf3 27.
Be2 Bxc3+ 28. bxc3 Bxe2 29. Kxe2 Qd3+ 30. Qxd3 cxd3+ 31. Kxd3 Rxf2 32. a4 Rf3+
33. Be3 c4+ 34. Ke4 Rf7 35. axb5 axb5 36. Rb1 Rb8 37. Kd5 Kd7 38. g4 Rf3 39.
Bd4 b4 40. cxb4 c3 41. Rc1 Rc8 42. Rc2 Rd3 43. Ke4 Rg3 44. Kd5 Rd3 45. Ke4 Rd2
46. Rxc3 Re8+ 47. Kd5 Re6 48. Kc4 Re4 49. Rd3 Rg2 50. Kb5 Rgxg4 51. Bc5+
1/2-1/2

[Event "Bundesliga 0001"]
[Site "Deutschland"]
[Date "2001.04.28"]
[Round "14.6"]
[White "Gustafsson, Jan"]
[Black "Joachim, Sven"]
[Result "1/2-1/2"]
[WhiteElo "2506"]
[BlackElo "2445"]
[PlyCount "43"]
[EventDate "2000.10.14"]
[EventType "team"]
[EventRounds "15"]
[EventCountry "GER"]
[SourceTitle "Bundesliga 0001"]
[Source "DeepChess"]
[SourceDate "2005.01.01"]
[SourceVersion "1"]
[SourceVersionDate "2005.01.01"]
[SourceQuality "1"]
[WhiteTeam "Hamburger SK 1830 e.V."]
[BlackTeam "SAbt SV Werder Bremen"]
[WhiteTeamCountry "GER"]
[BlackTeamCountry "GER"]

1. d4 Nf6 2. c4 g6 3. Nc3 Bg7 4. e4 d6 5. Nf3 O-O 6. Be2 e5 7. O-O Nc6 8. d5
Ne7 9. b4 a5 10. Ba3 b6 11. bxa5 Rxa5 12. Bb4 Ra8 13. a4 Re8 14. Nd2 c5 15.
dxc6 Nxc6 16. Ba3 Nd4 17. Nb5 Nxb5 18. axb5 Bh6 19. Re1 Bb7 20. Bd3 Nd7 21. Nb1
Nc5 22. Nc3 1/2-1/2

[Event "Bundesliga 0001"]
[Site "Deutschland"]
[Date "2001.04.28"]
[Round "14.7"]
[White "Meins, Gerlef"]
[Black "Heinemann, Thies"]
[Result "1/2-1/2"]
[WhiteElo "2426"]
[BlackElo "2468"]
[PlyCount "83"]
[EventDate "2000.10.14"]
[EventType "team"]
[EventRounds "15"]
[EventCountry "GER"]
[SourceTitle "Bundesliga 0001"]
[Source "DeepChess"]
[SourceDate "2005.01.01"]
[SourceVersion "1"]
[SourceVersionDate "2005.01.01"]
[SourceQuality "1"]
[WhiteTeam "SAbt SV Werder Bremen"]
[BlackTeam "Hamburger SK 1830 e.V."]
[WhiteTeamCountry "GER"]
[BlackTeamCountry "GER"]

1. d4 Nf6 2. c4 c5 3. d5 b5 4. cxb5 a6 5. e3 axb5 6. Bxb5 Qa5+ 7. Nc3 Bb7 8.
Nge2 Nxd5 9. O-O Nc7 10. a4 Nxb5 11. Nxb5 Bc6 12. Nec3 Na6 13. e4 g6 14. Bg5
Bg7 15. Nd5 h6 16. Bd2 Qd8 17. Qc1 d6 18. Re1 e6 19. Bc3 O-O 20. Bxg7 Kxg7 21.
Qc3+ f6 22. Nf4 Qe7 23. Qg3 g5 24. Nxd6 Kh7 25. Nd5 Qd8 26. Nc3 Nb4 27. Rad1
Nc2 28. Ndb5 Qb8 29. Qc7+ Qxc7 30. Nxc7 Nxe1 31. Nxa8 Rxa8 32. Rxe1 Bxa4 33.
Ra1 Bc6 34. Rxa8 Bxa8 35. Kf1 f5 36. Ke2 Bb7 37. g3 Kg6 38. Ke3 e5 39. exf5+
Kxf5 40. Na4 c4 41. Nb6 Ba6 42. f3 1/2-1/2

[Event "Bundesliga 0001"]
[Site "Deutschland"]
[Date "2001.04.28"]
[Round "14.3"]
[White "Baklan, Vladimir"]
[Black "Epishin, Vladimir"]
[Result "1/2-1/2"]
[WhiteElo "2599"]
[BlackElo "2567"]
[PlyCount "76"]
[EventDate "2000.10.14"]
[EventType "team"]
[EventRounds "15"]
[EventCountry "GER"]
[SourceTitle "Bundesliga 0001"]
[Source "DeepChess"]
[SourceDate "2005.01.01"]
[SourceVersion "1"]
[SourceVersionDate "2005.01.01"]
[SourceQuality "1"]
[WhiteTeam "USC Magdeburg"]
[BlackTeam "Luebecker SV von 1873 "]
[WhiteTeamCountry "GER"]
[BlackTeamCountry "GER"]

1. e4 c6 2. d4 d5 3. Nc3 dxe4 4. Nxe4 Bf5 5. Ng3 Bg6 6. h4 h6 7. Nf3 Nf6 8. Ne5
Bh7 9. Bd3 Bxd3 10. Qxd3 e6 11. Bf4 Qa5+ 12. Bd2 Bb4 13. c3 Be7 14. Ne4 Nxe4
15. Qxe4 Nd7 16. Nxd7 Kxd7 17. h5 Qd5 18. f3 Bg5 19. Qxd5+ exd5 20. Bxg5 hxg5
21. Kf2 Rae8 22. g4 Re6 23. Rae1 f6 24. f4 Rxe1 25. Rxe1 Re8 26. Rh1 Re4 27.
fxg5 fxg5 28. Kf3 Re6 29. Rh2 a5 30. Re2 Rxe2 31. Kxe2 b5 32. Kd3 Kc7 33. Kc2
Kb6 34. Kb3 Ka6 35. a4 Kb6 36. Ka3 Ka6 37. b4 Kb6 38. Kb3 axb4 1/2-1/2

[Event "Bundesliga 0001"]
[Site "Deutschland"]
[Date "2001.04.28"]
[Round "14.4"]
[White "Hodgson, Julian M"]
[Black "Thesing, Matthias"]
[Result "1/2-1/2"]
[WhiteElo "2640"]
[BlackElo "2438"]
[PlyCount "43"]
[EventDate "2000.10.14"]
[EventType "team"]
[EventRounds "15"]
[EventCountry "GER"]
[SourceTitle "Bundesliga 0001"]
[Source "DeepChess"]
[SourceDate "2005.01.01"]
[SourceVersion "1"]
[SourceVersionDate "2005.01.01"]
[SourceQuality "1"]
[WhiteTeam "Luebecker SV von 1873 "]
[BlackTeam "USC Magdeburg"]
[WhiteTeamCountry "GER"]
[BlackTeamCountry "GER"]

1. d4 e6 2. Nf3 d5 3. b3 Nf6 4. Bb2 Bd6 5. e3 O-O 6. Nbd2 b6 7. Bd3 Bb7 8. c4
Ne4 9. Qc2 f5 10. a3 a5 11. O-O Nd7 12. cxd5 exd5 13. Ne5 Qe7 14. f4 Rac8 15.
Nxe4 fxe4 16. Be2 c5 17. Qd2 cxd4 18. exd4 Rc7 19. Rac1 Rxc1 20. Rxc1 Nf6 21.
a4 Rc8 22. Rxc8+ 1/2-1/2